000
00220nam a22000977a 4500
999
_c
16182
_d
16182
003
OSt
008
200616b ||||| |||| 00| 0 eng d
100
_a
Clifford Leech
_9
4601
245
_a
The John Fletcher plays
942
_c
BK